Traverse tables.

Bibliographic Details
Corporate Author: Lefax, Philadelphia
Format: Book
Language:English
Published: Philadelphia : Lefax Pub. Co., [between 1970 and 1979?]
Series:Lefax instant information library ; 38-50.
Lefax, leaf + facts, a pocket-size system of loose-leaf data sheets and blank forms for keeping facts at your finger tips.
Subjects:

MARC

Tag First Indicator Second Indicator Subfields
LEADER 00000cam a2200000 i 4500
001 in00000660708
005 20151015100001.0
008 801111q19701979pau 00000 eng d
020 |c $3.00 
035 |a (OCoLC)06927642 
035 |9 ACZ0837AM 
040 |a TXA  |c TXA  |d UtOrBLW 
049 |a TXAF  |c [983242] 
090 |a TA552  |b .T74 
245 0 0 |a Traverse tables. 
264 1 |a Philadelphia :  |b Lefax Pub. Co.,  |c [between 1970 and 1979?] 
300 |a 92 pages ;  |c 18 cm. 
336 |a text  |b txt  |2 rdacontent 
337 |a unmediated  |b n  |2 rdamedia 
338 |a volume  |b nc  |2 rdacarrier 
490 1 |a Lefax instant information library ;  |v 38-50 
490 1 |a Lefax, leaf + facts, a pocket-size system of loose-leaf data sheets and blank forms for keeping facts at your finger tips 
500 |a Cover title. 
650 0 |a Traverse tables. 
710 2 |a Lefax, Philadelphia. 
830 0 |a Lefax instant information library ;  |v 38-50. 
830 0 |a Lefax, leaf + facts, a pocket-size system of loose-leaf data sheets and blank forms for keeping facts at your finger tips. 
999 |a MARS 
999 f f |s e65d87a1-d68f-321d-b391-427a07b5babd  |i 0f9994b4-123c-3a0b-9505-e683627a5ad0  |t 0 
952 f f |p ric  |a Texas A&M University  |b Rellis Campus  |c Joint Library Facility  |d Remote Storage  |t 0  |e TA552 .T74  |h Library of Congress classification  |i unmediated -- volume  |m A14805900189 
998 f f |a TA552 .T74  |t 0  |l Remote Storage